000 00550nam a2200265Ia 4500
005 20260401122254.0
008 008 250103s9999 xx 000 0 eng d
020 _a0-8109-8107-6
037 _aTB
040 _aEDL
040 _beng
040 _cEDL
041 _2eng
041 _aeng
084 _a700 GOR
084 _qEDL
100 _aGordon, Robert
_91233095
245 0 _aDegas
245 0 _cGordon, Robert
260 _c1988
942 _cTB
942 _h700 GOR
999 _c1846118
_d1846118